US Airlines by IATA Code - Statistics

General Stats
  • This quiz has been taken 23 times
  • The average score is 6 of 23
Answer Stats
Hint Answer % Correct
American Airlines AA
92%
Delta Air Lines DL
92%
United Airlines UA
92%
Alaska Airlines AS
75%
JetBlue B6
33%
Southwest Airlines WN
33%
Spirit Airlines NK
25%
Frontier Airlines F9
17%
Allegiant Air G4
17%
Breeze Airways MX
17%
SkyWest Airlines OO
17%
Piedmont Airlines PT
17%
Sun Country Airlines SY
17%
CommuteAir C5
8%
GoJet Airlines G7
8%
Republic Airways YX
8%
Endeavor Air 9E
0%
Envoy Air MQ
0%
PSA Airlines OH
0%
Horizon Air QX
0%
Avelo Airlines XP
0%
Mesa Airlines YV
0%
Air Wisconsin ZW
0%
No matching quizzes found
Score Distribution
Percent of People with Each Score
Percentile by Number Answered
Your Score History
You have not taken this quiz